[Event "GER-ch 88th"]
[Site "Apolda"]
[Date "2017.06.27"]
[Round "5"]
[White "Tonndorf, Matthias"]
[Black "Zude, Arno"]
[Result "1-0"]
[WhiteElo "2256"]
[BlackElo "2398"]
[EventDate "2017.06.23"]
[PlyCount "83"]

1. e4 e5 2. Nf3 Nc6 3. d4 exd4 4. Nxd4 Nf6 5. Nxc6 bxc6 6. e5 Qe7 7. Qe2 Nd5 8. g3 a5 9. Bg2 Ba6 10. c4 Qb4+ 11. Nd2 Bc5 12. a3 Qb6 13. O-O O-O 14. Qh5 Ne7 15. Ne4 Ng6 16. e6 Be7 17. exd7 Bxc4 18. Re1 Bd5 19. Rb1 Rfd8 20. Bh3 Nf8 21. Be3 Qb3 22. Nc5 Bxc5 23. Bxc5 Ne6 24. Be3 Rxd7 25. Qe5 Rb8 26. f4 a4 27. f5 f6 28. Qc3 Nf8 29. Qxb3 Bxb3 30. Rbc1 Bd5 31. Bd4 Kf7 32. Bc3 c5 33. Bg4 Bb3 34. Bh5+ g6 35. Bg4 Rd5 36. Rf1 Rb6 37. Ba5 Rb5 38. Bxc7 c4 39. Rce1 Rd7 40. fxg6+ hxg6 41. Bxd7 Nxd7 42. Bd6 1-0

[Event "GER-ch 88th"]
[Site "Apolda"]
[Date "2017.06.28"]
[Round "6"]
[White "Buhmann, Rainer"]
[Black "Frischmann, Rick"]
[Result "1/2-1/2"]
[WhiteElo "2588"]
[BlackElo "2302"]
[EventDate "2017.06.23"]
[PlyCount "125"]

1. Nf3 Nf6 2. c4 c5 3. Nc3 d5 4. cxd5 Nxd5 5. d4 Nxc3 6. bxc3 g6 7. e3 Bg7 8. Bb5+ Nd7 9. O-O O-O 10. a4 a6 11. Bd3 b6 12. Rb1 Bb7 13. e4 Qc7 14. Bg5 Nf6 15. Re1 h6 16. Bh4 Nh5 17. Qb3 b5 18. axb5 axb5 19. Bxb5 g5 20. Bg3 Nxg3 21. hxg3 cxd4 22. cxd4 e6 23. d5 exd5 24. exd5 Rac8 25. Rbd1 Rfd8 26. Bc4 Qxc4 27. Qxb7 Rc7 28. Qb1 Rcd7 29. Qb6 Qc8 30. Qb5 Qa8 31. d6 Qb8 32. Qxb8 Rxb8 33. Ne5 Bxe5 34. Rxe5 Rb6 35. Red5 Kg7 36. f4 Kf6 37. Kf2 Ke6 38. f5+ Kf6 39. Kf3 h5 40. Ke4 Ra6 41. R1d3 Rb6 42. Kf3 Ra6 43. g4 h4 44. Ke4 Rb6 45. R3d4 Ra6 46. Ke3 Rb6 47. Kd3 Rc6 48. Kd2 Kg7 49. Ke3 Kf6 50. Kd3 Kg7 51. Ke2 Kf6 52. Kf2 Ra6 53. Kg1 Rb6 54. Kh2 Ra6 55. Rd3 Rb6 56. g3 hxg3+ 57. Kxg3 Ra6 58. Kf3 Rb6 59. Ke4 Ra6 60. Rh3 Ra4+ 61. Rd4 Rxd4+ 62. Kxd4 Rxd6+ 63. Ke4 1/2-1/2

[Event "GER-ch 88th"]
[Site "Apolda"]
[Date "2017.06.28"]
[Round "6"]
[White "Bussard, Christian"]
[Black "Buecker, Stefan"]
[Result "0-1"]
[WhiteElo "2251"]
[BlackElo "2291"]
[EventDate "2017.06.23"]
[PlyCount "82"]

1. d4 Nc6 2. Nf3 d6 3. e4 Nf6 4. Nc3 e6 5. Be2 d5 6. exd5 exd5 7. O-O Bb4 8. a3 Bxc3 9. bxc3 O-O 10. c4 Na5 11. cxd5 Qxd5 12. Rb1 a6 13. Bf4 Ne4 14. Qe1 Nd6 15. Qc3 Nc6 16. Rfe1 Qf5 17. Qd2 Ne4 18. Qe3 Nc3 19. Bd3 Qa5 20. Rb3 Nd5 21. Qd2 Bg4 22. c3 Bxf3 23. gxf3 b5 24. Bg3 h6 25. Bc2 Rae8 26. Rxe8 Rxe8 27. Kg2 Nce7 28. h4 c6 29. Kh2 Qd8 30. Rb1 Ng6 31. Qd3 Qf6 32. h5 Nf8 33. Rh1 Qg5 34. Bb1 Qxh5+ 35. Kg2 Qg5 36. Rh4 Ng6 37. Kh2 Re1 38. f4 Qf6 39. Rg4 h5 40. Rg5 h4 41. Rxg6 fxg6 0-1

[Event "GER-ch 88th"]
[Site "Apolda"]
[Date "2017.06.28"]
[Round "6"]
[White "Heimrath, Reiner"]
[Black "Dobierzin, Olaf"]
[Result "1/2-1/2"]
[WhiteElo "2231"]
[BlackElo "2020"]
[EventDate "2017.06.23"]
[PlyCount "94"]

1. Nf3 Nf6 2. d4 g6 3. g3 Bg7 4. Bg2 O-O 5. O-O d6 6. c4 Nbd7 7. Nc3 e5 8. b3 Re8 9. dxe5 dxe5 10. Ba3 c6 11. Bd6 e4 12. Ne1 Qa5 13. Rc1 Qh5 14. f3 exf3 15. exf3 Ne5 16. Bxe5 Qxe5 17. Nd3 Qe3+ 18. Nf2 Ng4 19. fxg4 Bxc3 20. Kh1 Bd4 21. b4 Be6 22. Qc2 Rad8 23. a4 Bg7 24. b5 Rd2 25. Qe4 Bd7 26. Qxe3 Rxe3 27. Ne4 Rxg2 28. Kxg2 Rxe4 29. Rfd1 Bd4 30. Kf3 f5 31. gxf5 Bxf5 32. c5 Re3+ 33. Kf4 Re4+ 34. Kf3 g5 35. Rc4 g4+ 36. Kg2 Bf6 37. Rxe4 Bxe4+ 38. Kf2 Bd5 39. a5 a6 40. bxa6 bxa6 41. Ke3 Bg5+ 42. Kd4 Bf6+ 43. Kd3 Kf7 44. Rb1 Bg2 45. Rg1 Bf3 46. Rb1 Bg2 47. Rg1 Bf3 1/2-1/2

[Event "GER-ch 88th"]
[Site "Apolda"]
[Date "2017.06.28"]
[Round "6"]
[White "Heinert, Eugen"]
[Black "Schmitt, Philipp"]
[Result "1-0"]
[WhiteElo "2151"]
[BlackElo "2174"]
[EventDate "2017.06.23"]
[PlyCount "81"]

1. c4 e6 2. g3 d5 3. Nf3 Nf6 4. Bg2 Be7 5. O-O O-O 6. b3 c5 7. cxd5 exd5 8. d4 Nc6 9. Bb2 Ne4 10. Nc3 Bf6 11. Nxe4 dxe4 12. Nd2 Bxd4 13. Bxd4 cxd4 14. Nxe4 Re8 15. Rc1 Bg4 16. Re1 Rc8 17. Qd2 b6 18. Qf4 Ne5 19. Rxc8 Bxc8 20. Rd1 Ba6 21. Rxd4 Nf3+ 22. Bxf3 Qxd4 23. Bh5 Qd1+ 24. Kg2 Qd5 25. Bf3 Qe5 26. Qd2 h6 27. g4 Qe7 28. Ng3 Bb7 29. Nf5 Bxf3+ 30. exf3 Qc5 31. h4 a5 32. h5 Qe5 33. Qd7 Rf8 34. a4 Qc3 35. Qd5 Qc5 36. Qd7 Qb4 37. Qd5 Re8 38. Nd6 Re6 39. Qa8+ Kh7 40. Nxf7 g5 41. Qh8# 1-0

[Event "GER-ch 88th"]
[Site "Apolda"]
[Date "2017.06.28"]
[Round "6"]
[White "Hirneise, Jens"]
[Black "Donchenko, Alexander"]
[Result "0-1"]
[WhiteElo "2328"]
[BlackElo "2573"]
[EventDate "2017.06.23"]
[PlyCount "114"]

1. e4 c6 2. Nc3 d5 3. Nf3 Nf6 4. e5 Ne4 5. Ne2 Qb6 6. d4 e6 7. Ng3 c5 8. Bd3 Nxg3 9. hxg3 cxd4 10. Ng5 Nc6 11. Nxh7 Bd7 12. Nf6+ gxf6 13. Rxh8 O-O-O 14. Kf1 fxe5 15. Bg5 Re8 16. Rh7 f5 17. Be2 Bc5 18. Bh5 Rg8 19. Bd2 d3 20. Be1 Nb4 21. cxd3 Nxd3 22. b4 Bxb4 23. Qc2+ Qc5 24. Qxc5+ Bxc5 25. Rb1 b6 26. Be2 e4 27. Bxd3 exd3 28. Bb4 Kc7 29. Ke1 Kc6 30. Rb3 Bxb4+ 31. Rxb4 e5 32. Kd2 e4 33. Rb1 Kd6 34. Rc1 a5 35. Ke3 Rg6 36. Rch1 Ba4 37. R1h6 Rxh6 38. Rxh6+ Kc5 39. Rf6 Bd7 40. Kd2 b5 41. Ra6 a4 42. Ra7 Bc6 43. Rh7 b4 44. Ra7 a3 45. Rc7 Kb6 46. Rh7 Bb5 47. Rh8 Bc4 48. Rb8+ Kc5 49. Rc8+ Kd4 50. Rb8 b3 51. axb3 a2 52. Ra8 Bxb3 53. Ra7 Kc4 54. Rc7+ Kb4 55. Rc1 Bc2 56. Ra1 Kb3 57. f3 d4 0-1

[Event "GER-ch 88th"]
[Site "Apolda"]
[Date "2017.06.28"]
[Round "6"]
[White "Jahncke, Giso"]
[Black "Fuchs, Florian"]
[Result "0-1"]
[WhiteElo "2340"]
[BlackElo "2335"]
[EventDate "2017.06.23"]
[PlyCount "80"]

1. Nf3 Nf6 2. c4 e6 3. g3 b6 4. Bg2 Bb7 5. O-O Be7 6. b3 d5 7. Bb2 O-O 8. e3 Nbd7 9. Nc3 c5 10. Re1 Rc8 11. cxd5 exd5 12. d4 Ne4 13. Nxe4 dxe4 14. Nd2 f5 15. f3 Nf6 16. fxe4 fxe4 17. Rc1 Qe8 18. Nc4 Rd8 19. Qe2 Kh8 20. Rf1 Qd7 21. Ne5 Qe6 22. Rf4 Bd6 23. Rcf1 Kg8 24. Rf5 Bc8 25. Rg5 h6 26. Rgf5 cxd4 27. exd4 Qxf5 28. Rxf5 Bxf5 29. Nc4 Bb8 30. Ne3 Bg6 31. Bh3 Kh8 32. Qb5 Be8 33. Qf1 Nh7 34. Bf5 Bd7 35. g4 Ng5 36. Ba3 Rfe8 37. Bxd7 Rxd7 38. Qb5 Red8 39. d5 Bf4 40. Ng2 Rxd5 0-1

[Event "GER-ch 88th"]
[Site "Apolda"]
[Date "2017.06.28"]
[Round "6"]
[White "Jugelt, Tobias"]
[Black "Engel, Luis"]
[Result "1/2-1/2"]
[WhiteElo "2431"]
[BlackElo "2319"]
[EventDate "2017.06.23"]
[PlyCount "127"]

1. d4 Nf6 2. Nf3 g6 3. g3 Bg7 4. Bg2 O-O 5. O-O d6 6. c3 Nbd7 7. a4 c6 8. a5 Qc7 9. Nbd2 e5 10. dxe5 Nxe5 11. Nxe5 dxe5 12. Nc4 Rd8 13. Qa4 Be6 14. Be3 Bd5 15. Rfd1 Bf8 16. Bg5 Be7 17. Ne3 Bxg2 18. Qh4 Bd5 19. Bxf6 Bxf6 20. Qxf6 Be6 21. b4 h5 22. c4 c5 23. bxc5 Rxd1+ 24. Rxd1 Qxc5 25. Nd5 Qxc4 26. Ne7+ Kh7 27. Qxe5 b6 28. axb6 axb6 29. Nd5 Bxd5 30. Rxd5 Qc1+ 31. Kg2 Qc6 32. e4 Re8 33. Qd4 b5 34. h4 Qc4 35. Qxc4 bxc4 36. Kf3 Rc8 37. Rd2 Kh6 38. Ke3 c3 39. Rc2 g5 40. Kd4 gxh4 41. gxh4 Rd8+ 42. Kxc3 Rg8 43. Kd4 Rg4 44. Ke5 Rxh4 45. Kf5 Rh2 46. Rc6+ Kg7 47. f4 h4 48. Rc1 h3 49. Rc3 Rh1 50. e5 h2 51. Rh3 Kg8 52. Rg3+ Kf8 53. Rg2 Ke8 54. Ra2 Kd7 55. Rd2+ Ke8 56. Rb2 Kd7 57. Rc2 Kd8 58. Ra2 Kd7 59. Ra7+ Ke8 60. Ra8+ Kd7 61. Rh8 Ke7 62. Rh7 Ke8 63. Rh4 Kd7 64. Rh3 1/2-1/2

[Event "GER-ch 88th"]
[Site "Apolda"]
[Date "2017.06.28"]
[Round "6"]
[White "Kersten, Uwe"]
[Black "Miller, Eduard"]
[Result "0-1"]
[WhiteElo "2257"]
[BlackElo "2319"]
[EventDate "2017.06.23"]
[PlyCount "74"]

1. d4 Nf6 2. Bf4 g6 3. Nc3 d5 4. e3 Bg7 5. h4 h5 6. Nb5 Na6 7. Be2 O-O 8. Nf3 c6 9. Nc3 Qa5 10. Kf1 Nc7 11. Be5 Ng4 12. Bxg7 Kxg7 13. a3 Ne8 14. e4 Nef6 15. Bd3 dxe4 16. Nxe4 Nxe4 17. Bxe4 Qb5+ 18. Bd3 Qxb2 19. g3 Be6 20. Rb1 Qxa3 21. Kg2 b5 22. Be4 Qd6 23. Re1 Nf6 24. Kg1 Nxe4 25. Rxe4 Bd5 26. Re5 a5 27. Qe2 a4 28. Ng5 a3 29. Rxe7 a2 30. Ra1 Ra4 31. c3 b4 32. Re8 Rxe8 33. Qxe8 bxc3 34. Kh2 Rxd4 35. Kh3 c2 36. Re1 Rd1 37. Re4 a1=Q 0-1

[Event "GER-ch 88th"]
[Site "Apolda"]
[Date "2017.06.28"]
[Round "6"]
[White "Kolbus, Dietmar"]
[Black "Bischoff, Klaus"]
[Result "1/2-1/2"]
[WhiteElo "2306"]
[BlackElo "2504"]
[EventDate "2017.06.23"]
[PlyCount "70"]

1. c4 Nf6 2. Nc3 g6 3. e4 d6 4. d4 Bg7 5. f3 c6 6. Be3 a6 7. a4 a5 8. Qd2 Na6 9. Nge2 Nd7 10. Nc1 e5 11. d5 Ndc5 12. Ra3 Bf6 13. Nd3 h6 14. Nxc5 Nxc5 15. dxc6 bxc6 16. Bxc5 dxc5 17. Qxd8+ Bxd8 18. Rb3 Bg5 19. Kf2 h5 20. h4 Bh6 21. Be2 Be6 22. Rd1 Rd8 23. Rxd8+ Kxd8 24. Nd1 Kc7 25. Ne3 Rd8 26. Rd3 Rd4 27. b3 Bxe3+ 28. Kxe3 f5 29. g3 Kd6 30. Rd1 Ke7 31. Rg1 Kf6 32. Bd1 Rd8 33. Be2 Rd4 34. Bd1 Rd8 35. Be2 Rd4 1/2-1/2

[Event "GER-ch 88th"]
[Site "Apolda"]
[Date "2017.06.28"]
[Round "6"]
[White "Kollars, Dmitrij"]
[Black "Keymer, Vincent"]
[Result "1/2-1/2"]
[WhiteElo "2510"]
[BlackElo "2411"]
[EventDate "2017.06.23"]
[PlyCount "108"]

1. c4 c6 2. Nf3 d5 3. g3 Bg4 4. Qb3 Bxf3 5. Qxf3 e6 6. Bg2 Nf6 7. O-O dxc4 8. Qc3 b5 9. a4 Nd5 10. Qc2 Qa5 11. b3 cxb3 12. Qxb3 b4 13. Bb2 Nd7 14. d3 N7f6 15. e4 Nb6 16. Bxf6 gxf6 17. e5 Rc8 18. exf6 Qe5 19. Nd2 Qxf6 20. Rac1 Nd5 21. Rfe1 Kd7 22. Ne4 Qd8 23. d4 a5 24. Qf3 Qe7 25. Rc5 f5 26. Nd2 Qf6 27. Rxa5 Bd6 28. Nb3 Rc7 29. Qd3 h5 30. Rc5 h4 31. Rc2 hxg3 32. fxg3 f4 33. Nc5+ Bxc5 34. dxc5 Rcc8 35. Rf2 Qc3 36. Qxc3 bxc3 37. gxf4 Rhf8 38. Rc1 Ra8 39. Bxd5 cxd5 40. Rxc3 Rxa4 41. c6+ Kc7 42. Re3 Rf6 43. f5 exf5 44. Re5 Kxc6 45. Rexf5 Rxf5 46. Rxf5 Re4 47. Kf2 Kc5 48. Kf3 Kc4 49. Rf8 Re6 50. h4 d4 51. Rc8+ Kb3 52. Rd8 Kc3 53. h5 d3 54. Kf4 d2 1/2-1/2

[Event "GER-ch 88th"]
[Site "Apolda"]
[Date "2017.06.28"]
[Round "6"]
[White "Meier, Georg"]
[Black "Langheinrich, Ferenc"]
[Result "1-0"]
[WhiteElo "2644"]
[BlackElo "2364"]
[EventDate "2017.06.23"]
[PlyCount "67"]

1. Nf3 Nf6 2. g3 d5 3. Bg2 g6 4. c4 dxc4 5. Na3 Bg7 6. Nxc4 O-O 7. O-O c6 8. d3 Be6 9. Qc2 a5 10. b3 Na6 11. a3 Nc5 12. Rb1 a4 13. bxa4 Bxc4 14. Qxc4 Nfd7 15. d4 Ne4 16. Qc2 Nd6 17. e4 Nb6 18. Rb4 Rc8 19. Bh3 Nd7 20. Be3 b5 21. Nd2 e6 22. axb5 cxb5 23. Qb3 Nb6 24. e5 Ndc4 25. Rxb5 Nxe3 26. fxe3 Nd5 27. Rxd5 Qxd5 28. Qxd5 exd5 29. Bxc8 Rxc8 30. Ra1 Rc2 31. Nf1 f6 32. exf6 Bxf6 33. a4 Rc4 34. Ra2 1-0

[Event "GER-ch 88th"]
[Site "Apolda"]
[Date "2017.06.28"]
[Round "6"]
[White "Neyman, Igor"]
[Black "Kalinitschew, Sergey"]
[Result "0-1"]
[WhiteElo "2308"]
[BlackElo "2426"]
[EventDate "2017.06.23"]
[PlyCount "118"]

1. d4 e6 2. c4 b6 3. e4 Bb7 4. Bd3 Bb4+ 5. Bd2 Bxd2+ 6. Qxd2 d6 7. Nc3 Nd7 8. Nge2 e5 9. Bc2 Ngf6 10. O-O O-O 11. f3 Re8 12. d5 h6 13. b4 a5 14. a3 Qe7 15. Ba4 Rec8 16. Bc6 Bxc6 17. dxc6 Nf8 18. Nd5 Qd8 19. Nec3 N6h7 20. Nb5 Ne6 21. Rfd1 Nhf8 22. Qe3 Ng6 23. Nbxc7 Rxc7 24. b5 Rb8 25. Nxb6 Rxc6 26. bxc6 Rxb6 27. Rxd6 Qxd6 28. Qxb6 Ngf4 29. Rb1 Qd2 30. Qb2 Qe3+ 31. Qf2 Qd3 32. Qb2 Qe3+ 33. Qf2 Qxa3 34. Kh1 a4 35. g3 Ng6 36. c5 Qd3 37. Rb7 Qd8 38. Qb2 Qd1+ 39. Kg2 a3 40. Qf2 Qa4 41. Qa2 Qxc6 42. Rb8+ Kh7 43. Qxa3 Nxc5 44. Qa2 Ne6 45. Rb2 Ngf4+ 46. gxf4 Nxf4+ 47. Kg3 Qg6+ 48. Kf2 Qg2+ 49. Ke3 Qg1+ 50. Kd2 Qd4+ 51. Kc2 Qd3+ 52. Kc1 Qc3+ 53. Kd1 Qxf3+ 54. Kd2 Qd3+ 55. Kc1 Qe3+ 56. Kd1 Nd3 57. Rb8 Qg1+ 58. Kc2 Qxh2+ 59. Kb1 Qg1+ 0-1

[Event "GER-ch 88th"]
[Site "Apolda"]
[Date "2017.06.28"]
[Round "6"]
[White "Nisipeanu, Liviu Dieter"]
[Black "Svane, Rasmus"]
[Result "1/2-1/2"]
[WhiteElo "2683"]
[BlackElo "2581"]
[EventDate "2017.06.23"]
[PlyCount "81"]

1. e4 e6 2. d4 d5 3. Nd2 c5 4. exd5 Qxd5 5. dxc5 Nf6 6. Ngf3 Qxc5 7. Bd3 Nbd7 8. O-O Qc7 9. a4 Nc5 10. Bb5+ Bd7 11. Nc4 a6 12. Bxd7+ Ncxd7 13. Qd4 Bc5 14. Bf4 Qc6 15. Qd3 O-O 16. Nfe5 Nxe5 17. Nxe5 Qe4 18. Qxe4 Nxe4 19. Nd7 Rfd8 20. Nxc5 Nxc5 21. Be3 Rac8 22. a5 Kf8 23. Rfd1 Ne4 24. Rxd8+ Rxd8 25. Kf1 Rc8 26. Rc1 Ke7 27. c4 Nc5 28. Rc3 Ne4 29. Rc2 e5 30. Ke2 Rc6 31. f3 Nd6 32. b3 Nf5 33. Bf2 Ke6 34. Ra2 Rd6 35. Ra4 Kd7 36. Ra2 Nd4+ 37. Bxd4 Rxd4 38. Rd2 Rxd2+ 39. Kxd2 f5 40. g4 g6 41. gxf5 1/2-1/2

[Event "GER-ch 88th"]
[Site "Apolda"]
[Date "2017.06.28"]
[Round "6"]
[White "Prenzler, Daniel"]
[Black "Middelhoff, Cornelius"]
[Result "1/2-1/2"]
[WhiteElo "2210"]
[BlackElo "2131"]
[EventDate "2017.06.23"]
[PlyCount "63"]

1. e4 c5 2. Nf3 Nc6 3. d3 e6 4. g3 Nf6 5. Bg2 d5 6. Nbd2 Be7 7. O-O O-O 8. Re1 Re8 9. e5 Nd7 10. Nf1 d4 11. h4 Qc7 12. Qe2 Rb8 13. N1h2 b5 14. Bf4 c4 15. Ng5 Bxg5 16. hxg5 Ne7 17. Qh5 Bb7 18. Ng4 Ng6 19. Be4 Bxe4 20. Rxe4 cxd3 21. Rxd4 dxc2 22. Rc1 Ndxe5 23. Nxe5 Qc5 24. Rd7 Nxe5 25. Bxe5 Qxe5 26. Qxf7+ Kh8 27. Rxc2 Rf8 28. Qe7 Qe1+ 29. Kg2 Qe4+ 30. Kg1 Qe1+ 31. Kg2 Qe4+ 32. Kg1 1/2-1/2

[Event "GER-ch 88th"]
[Site "Apolda"]
[Date "2017.06.28"]
[Round "6"]
[White "Rehberg, Raphael"]
[Black "Huschenbeth, Niclas"]
[Result "0-1"]
[WhiteElo "2264"]
[BlackElo "2585"]
[EventDate "2017.06.23"]
[PlyCount "34"]

1. e4 c5 2. Nf3 d6 3. Bb5+ Nd7 4. d4 cxd4 5. Qxd4 a6 6. Bxd7+ Bxd7 7. Bg5 Qc7 8. Nc3 e6 9. O-O-O Rc8 10. Rhe1 Qc5 11. Qd2 b5 12. Nd5 exd5 13. exd5+ Be7 14. Qe2 f6 15. Rd3 fxg5 16. Nxg5 Bf5 17. Rd2 Qc4 0-1

[Event "GER-ch 88th"]
[Site "Apolda"]
[Date "2017.06.28"]
[Round "6"]
[White "Schmidt Schaeffer, Sebastian"]
[Black "Tonndorf, Matthias"]
[Result "1-0"]
[WhiteElo "2381"]
[BlackElo "2256"]
[EventDate "2017.06.23"]
[PlyCount "99"]

1. d4 Nf6 2. c4 e6 3. Nc3 Bb4 4. Nf3 c5 5. e3 O-O 6. Bd3 b6 7. O-O Bb7 8. Qe2 Bxf3 9. Qxf3 Nc6 10. Ne2 Qe7 11. a3 Ba5 12. e4 Ne8 13. e5 Rc8 14. Qh3 f5 15. f4 b5 16. d5 bxc4 17. d6 Qf7 18. Bxc4 Bb6 19. Bd2 Rb8 20. Rac1 g6 21. Qb3 Ng7 22. Qa4 Qe8 23. Bb5 Rc8 24. Be3 Qd8 25. Kh1 Nb8 26. Rc2 h6 27. Rfc1 Kh7 28. Bxc5 Bxc5 29. Rxc5 Rxc5 30. Rxc5 Qb6 31. b4 Qb7 32. Qc2 g5 33. fxg5 hxg5 34. Nd4 Rf7 35. Be2 Kh6 36. Qd3 g4 37. Kg1 Nh5 38. Qd2+ Kg6 39. Bd3 Rg7 40. Qf2 Na6 41. Rc4 Qd5 42. Qe3 g3 43. hxg3 Kf7 44. Qh6 Nxg3 45. Qf6+ Kg8 46. Rc8+ Kh7 47. Qh4+ Kg6 48. Rh8 Qxe5 49. Rh6+ Kf7 50. Qe7+ 1-0

[Event "GER-ch 88th"]
[Site "Apolda"]
[Date "2017.06.28"]
[Round "6"]
[White "Schneider, Jana"]
[Black "Hoefelsauer, Thomas"]
[Result "1/2-1/2"]
[WhiteElo "2261"]
[BlackElo "2395"]
[EventDate "2017.06.23"]
[PlyCount "200"]

1. e4 c6 2. d4 d5 3. exd5 cxd5 4. Bd3 Nc6 5. c3 Nf6 6. Bf4 g6 7. Nf3 Bf5 8. Bxf5 gxf5 9. Qb3 Qd7 10. Ne5 Nxe5 11. Bxe5 Bg7 12. Nd2 O-O 13. O-O Kh8 14. Rfe1 Rg8 15. Qc2 Ne4 16. Nf3 e6 17. Re2 Rac8 18. Kh1 Qe7 19. Qd3 Bxe5 20. Nxe5 f6 21. Nf3 Qg7 22. Ne1 Qh6 23. Kg1 Rg6 24. Re3 Rcg8 25. Qf1 f4 26. Rd3 Qh5 27. Rad1 Rh6 28. h3 f3 29. Rxf3 Ng5 30. Rdd3 Nxf3+ 31. Rxf3 Rhg6 32. Qd3 Qg5 33. Re3 Qf4 34. Qd1 Qf5 35. Qe2 e5 36. dxe5 fxe5 37. Kh1 e4 38. Qd2 R8g7 39. Kg1 h6 40. Qd4 b6 41. Qd2 Kh7 42. Kh2 Rf7 43. Re2 Rfg7 44. g3 Qe5 45. Qe3 Rf6 46. Nd3 Qg5 47. Nf4 Rgf7 48. c4 dxc4 49. Qxe4+ Qf5 50. Qxc4 Qc5 51. Qe4+ Qf5 52. Qe8 Qd7 53. Qe3 Qf5 54. b3 Qc5 55. Qe8 Qd4 56. Kg2 Qc5 57. Qe4+ Qf5 58. Qe3 Qc5 59. Qxc5 bxc5 60. Ne6 Rf5 61. Rc2 Re5 62. Nxc5 Rc7 63. b4 a5 64. a3 Rd5 65. Re2 Rc6 66. Re4 Kg6 67. g4 Rd2 68. Kg3 Ra2 69. Re3 axb4 70. axb4 Rb6 71. Nd3 Kf6 72. Re4 Rd6 73. Nc5 Rdd2 74. f4 Ra3+ 75. Kh4 Rh2 76. Re6+ Kg7 77. g5 Rhxh3+ 78. Kg4 hxg5 79. Kxg5 Rag3+ 80. Kf5 Kf7 81. Ne4 Rh5+ 82. Ng5+ Kg7 83. b5 Rb3 84. Re7+ Kf8 85. Rb7 Rh6 86. Nh7+ Ke8 87. Nf6+ Kd8 88. b6 Rh1 89. Rd7+ Kc8 90. Rc7+ Kd8 91. Rc6 Rb5+ 92. Ke6 Re1+ 93. Kf7 Rf1 94. Rd6+ Kc8 95. Nd5 Rxd5 96. Rxd5 Rxf4+ 97. Ke7 Kb7 98. Rb5 Rh4 99. Kd6 Rh6+ 100. Kc5 Rc6+ 1/2-1/2

[Event "GER-ch 88th"]
[Site "Apolda"]
[Date "2017.06.28"]
[Round "6"]
[White "Schulz, Karsten"]
[Black "Telljohann, Sven"]
[Result "1/2-1/2"]
[WhiteElo "2274"]
[BlackElo "2407"]
[EventDate "2017.06.23"]
[PlyCount "55"]

1. c4 g6 2. Nc3 Bg7 3. g3 c5 4. Bg2 Nc6 5. Nf3 d6 6. O-O Qd7 7. b3 b6 8. Bb2 Bb7 9. e3 Ne5 10. d4 Nxf3+ 11. Bxf3 Bxf3 12. Qxf3 Rb8 13. Rad1 Qb7 14. Qe2 Nh6 15. dxc5 bxc5 16. Nd5 O-O 17. Bxg7 Kxg7 18. e4 f6 19. f4 e6 20. Nc3 Qe7 21. Rd3 Nf7 22. Rfd1 Rfd8 23. R1d2 a6 24. Qe3 Rbc8 25. Qe2 Rb8 26. Qe3 Rbc8 27. Qe2 Rb8 28. Qe3 1/2-1/2

[Event "GER-ch 88th"]
[Site "Apolda"]
[Date "2017.06.28"]
[Round "6"]
[White "Tischbierek, Raj"]
[Black "Meister, Jakob [RUS]"]
[Result "0-1"]
[WhiteElo "2452"]
[BlackElo "2433"]
[EventDate "2017.06.23"]
[PlyCount "88"]

1. e4 e5 2. Nf3 Nc6 3. Bb5 a6 4. Ba4 Nf6 5. O-O Be7 6. d3 d6 7. c4 Bg4 8. Be3 O-O 9. h3 Bxf3 10. Qxf3 Nd4 11. Bxd4 exd4 12. Nd2 c6 13. Qe2 b5 14. Bb3 Nd7 15. a4 bxc4 16. dxc4 Rb8 17. Rab1 Bf6 18. Bc2 a5 19. b3 Re8 20. f4 Nc5 21. Qf3 Qb6 22. Bd3 Qb4 23. Qe2 g6 24. Rf3 Bg7 25. Qd1 Re7 26. Qc2 Qc3 27. Kf1 Rbe8 28. g4 Kh8 29. g5 f6 30. gxf6 Bxf6 31. Kg2 Bg7 32. h4 Bh6 33. Rbf1 Bxf4 34. Qxc3 dxc3 35. Nb1 Be5 36. Bc2 Ne6 37. Nxc3 g5 38. Ne2 gxh4 39. Rf7 Rg8+ 40. Kh1 Rxf7 41. Rxf7 h3 42. Ng1 Nd4 43. Bd3 h2 44. Nh3 Nxb3 0-1

[Event "GER-ch 88th"]
[Site "Apolda"]
[Date "2017.06.28"]
[Round "6"]
[White "Zude, Arno"]
[Black "Goepfert, Jakob"]
[Result "1-0"]
[WhiteElo "2398"]
[BlackElo "2109"]
[EventDate "2017.06.23"]
[PlyCount "65"]

1. e4 c6 2. d4 d5 3. Nd2 dxe4 4. Nxe4 Bf5 5. Ng3 Bg6 6. h4 h6 7. Nf3 Nd7 8. h5 Bh7 9. Bd3 Bxd3 10. Qxd3 Ngf6 11. Bd2 e6 12. O-O-O Be7 13. Kb1 c5 14. Ne4 Qc7 15. Nxf6+ Nxf6 16. Ne5 a6 17. Bf4 Bd6 18. Qg3 O-O-O 19. Qxg7 Nd5 20. dxc5 f6 21. Qxh8 Rxh8 22. cxd6 Qg7 23. Ng6 Nxf4 24. d7+ Kd8 25. Nxf4 Qg4 26. Rd4 e5 27. Rc4 Qxd7 28. Ng6 Rg8 29. Kc1 Qf5 30. Rd1+ Ke8 31. g4 Qe6 32. Rc7 Rxg6 33. hxg6 1-0

[Event "GER-ch 88th"]
[Site "Apolda"]
[Date "2017.06.29"]
[Round "7"]
[White "Bischoff, Klaus"]
[Black "Fuchs, Florian"]
[Result "1-0"]
[WhiteElo "2504"]
[BlackElo "2335"]
[EventDate "2017.06.23"]
[PlyCount "79"]

1. d4 Nf6 2. c4 e6 3. Nf3 Bb4+ 4. Bd2 c5 5. Bxb4 cxb4 6. a3 bxa3 7. Rxa3 O-O 8. Nc3 b6 9. d5 exd5 10. cxd5 d6 11. g3 Bb7 12. Bg2 b5 13. Nxb5 Bxd5 14. Rd3 Bc6 15. Nxd6 Qa5+ 16. Rd2 Nbd7 17. O-O Rab8 18. Qa1 Qb4 19. Rfd1 a5 20. Nf5 Rfe8 21. N5d4 Be4 22. Ne1 Ne5 23. b3 h5 24. Ra2 Bxg2 25. Nxg2 Ra8 26. Ra4 Qb6 27. b4 Nc6 28. bxa5 Nxa5 29. Nf4 h4 30. Rb1 Qd8 31. Rbb4 hxg3 32. hxg3 Nd7 33. Nh5 Qg5 34. Rb5 Ne5 35. Nf4 Red8 36. Raxa5 Rxa5 37. Rxa5 Rxd4 38. Ra8+ Rd8 39. Rxd8+ Qxd8 40. Qxe5 1-0

[Event "GER-ch 88th"]
[Site "Apolda"]
[Date "2017.06.29"]
[Round "7"]
[White "Buecker, Stefan"]
[Black "Buhmann, Rainer"]
[Result "1/2-1/2"]
[WhiteElo "2291"]
[BlackElo "2588"]
[EventDate "2017.06.23"]
[PlyCount "97"]

1. e4 e5 2. Nf3 Nc6 3. Bb5 a6 4. Ba4 Nf6 5. Bxc6 dxc6 6. d3 Bd6 7. Nbd2 Nd7 8. Nc4 O-O 9. Ne3 Nc5 10. O-O Re8 11. Re1 Bf8 12. h3 f6 13. Nf1 b5 14. Be3 Ne6 15. Qd2 c5 16. c3 Bb7 17. Qc2 Qd7 18. Red1 Qf7 19. Ng3 g6 20. a3 Bd6 21. Nh4 Kh8 22. b4 cxb4 23. axb4 Rac8 24. Qb2 Kg8 25. Re1 c5 26. bxc5 Nxc5 27. Bxc5 Rxc5 28. Nf1 Rec8 29. Ra3 Qc7 30. Re3 Bf8 31. Rg3 Rd8 32. Nd2 Rc6 33. Rb3 Bc8 34. c4 b4 35. Nf5 a5 36. Ne3 a4 37. Rxb4 Bxb4 38. Qxb4 Qb7 39. Qxa4 Ra6 40. Qc2 Be6 41. Kh2 Qa7 42. Nd5 Ra2 43. Qc3 Kg7 44. Rf3 Ra3 45. Qc1 Ra1 46. Qc3 Ra3 47. Qc1 Ra1 48. Qc3 Ra3 49. Qc1 1/2-1/2

[Event "GER-ch 88th"]
[Site "Apolda"]
[Date "2017.06.29"]
[Round "7"]
[White "Dobierzin, Olaf"]
[Black "Prenzler, Daniel"]
[Result "1/2-1/2"]
[WhiteElo "2020"]
[BlackElo "2210"]
[EventDate "2017.06.23"]
[PlyCount "80"]

1. e4 e6 2. d4 d5 3. Nc3 Nf6 4. e5 Nfd7 5. f4 c5 6. Nf3 Nc6 7. Be3 Be7 8. Qd2 b6 9. Be2 O-O 10. O-O f6 11. dxc5 Nxc5 12. exf6 Bxf6 13. Nd4 Nxd4 14. Bxd4 Bxd4+ 15. Qxd4 Qf6 16. Rad1 Qxd4+ 17. Rxd4 Ba6 18. Bxa6 Nxa6 19. f5 exf5 20. Nxd5 g6 21. Re1 Rf7 22. Ne7+ Kf8 23. Nc6 Rc8 24. Nd8 Re7 25. Ne6+ Kg8 26. Rd2 Rce8 27. Rde2 Nc5 28. Nf4 Rxe2 29. Rxe2 Ne4 30. Kf1 Kf7 31. Nd3 h5 32. Nf2 Kf6 33. Nxe4+ fxe4 34. Kf2 Ke5 35. Ke3 Rc8 36. Rd2 Rc4 37. a3 b5 38. Rf2 a5 39. Rd2 b4 40. axb4 axb4 1/2-1/2

[Event "GER-ch 88th"]
[Site "Apolda"]
[Date "2017.06.29"]
[Round "7"]
[White "Donchenko, Alexander"]
[Black "Keymer, Vincent"]
[Result "1-0"]
[WhiteElo "2573"]
[BlackElo "2411"]
[EventDate "2017.06.23"]
[PlyCount "107"]

1. d4 d5 2. c4 c6 3. Nf3 Nf6 4. Nc3 dxc4 5. a4 Bf5 6. Ne5 Nbd7 7. Nxc4 Nb6 8. Ne5 a5 9. e3 h6 10. f3 e6 11. e4 Bh7 12. Be3 Bb4 13. Qb3 Nfd7 14. Nd3 Qe7 15. Be2 O-O 16. O-O Kh8 17. Na2 Bd6 18. Rac1 Bc7 19. Nc3 f6 20. f4 e5 21. d5 Bg8 22. Bg4 f5 23. Bxf5 cxd5 24. Nxd5 Nxd5 25. exd5 exf4 26. Nxf4 Bxf4 27. Rxf4 Bxd5 28. Qa3 Qxa3 29. bxa3 Ne5 30. Rc7 Rf7 31. Rxf7 Nxf7 32. Bd4 Ng5 33. Rf1 Ne6 34. Bb6 Ra6 35. Be3 Rc6 36. Rd1 Nc7 37. Bf4 Bg8 38. Rd7 Ne6 39. Be3 Rc3 40. Kf2 Rc8 41. g4 Rc7 42. Rd5 Rc4 43. Rd6 Rxa4 44. Bxe6 Bxe6 45. Rxe6 Rxg4 46. Rb6 Rh4 47. Kg3 Re4 48. Kf3 Ra4 49. Bc1 Rc4 50. Bb2 Rc2 51. Kg3 Rc7 52. Rxh6+ Kg8 53. Rb6 Kf7 54. Rb5 1-0